| 000 | 00455cam a2200181ua 4500 | ||
|---|---|---|---|
| 020 | _a0-07-099574-5 | ||
| 082 |
_a631.3 _bSMI/FA |
||
| 100 |
_aSmith, Harris Pearson . _91661 |
||
| 245 | _aFarm Machinery and Equipment / | ||
| 250 | _a6 / | ||
| 260 |
_aNew Delhi : _bTata Mc-Graw Hill Publishing Company , _c1984. |
||
| 300 | _a481 ; . | ||
| 500 | _a18498 Scheme | ||
| 700 | 1 |
_aWilkes, Lambert Henry M S . _91662 |
|
| 942 | _cBK | ||
| 999 |
_c58 _d58 |
||
| 003 | @ | ||
| 003 | OSt | ||